[Event "Etoiles montantes 4"]
[Site "Montreal CAN"]
[Date "2023.01.08"]
[Round "5.13"]
[White "Wu, Ting En Ryan"]
[Black "Wu, Hao En Colin"]
[Result "1-0"]
[WhiteElo "1459"]
[BlackElo "625"]
[PlyCount "51"]
[EventDate "2023.01.07"]
[EventType "swiss"]
[EventRounds "5"]
[EventCountry "CAN"]

1. e4 e5 2. Nf3 Nc6 3. Bc4 Bc5 4. c3 Nf6 5. d3 O-O 6. O-O Be7 7. Re1 d6 8. h3
Na5 9. Bb5 a6 10. Ba4 Bd7 11. Bc2 Nc6 12. d4 Be6 13. d5 Bd7 14. dxc6 Bxc6 15.
Nbd2 Nd7 16. Nf1 Bf6 17. Ng3 Nc5 18. Nh5 Be7 19. Nh2 Bd7 20. Be3 b6 21. Qf3 Bh4
22. Ng4 Bg5 23. Qg3 g6 24. Bxg5 Qe8 25. Nh6+ Kh8 26. Bf6# 1-0

[Event "Etoiles montantes 4"]
[Site "Montreal CAN"]
[Date "2023.01.08"]
[Round "5.15"]
[White "Goldner, John"]
[Black "Geillon-Barral, Roween"]
[Result "1-0"]
[WhiteElo "1640"]
[BlackElo "1137"]
[PlyCount "123"]
[EventDate "2023.01.07"]
[EventType "swiss"]
[EventRounds "5"]
[EventCountry "CAN"]

1. e4 e5 2. Nf3 Nc6 3. Bb5 d6 4. c3 a6 5. Ba4 b5 6. Bc2 Be6 7. d3 Be7 8. O-O h6
9. d4 exd4 10. Nxd4 Nxd4 11. cxd4 c5 12. d5 Bd7 13. f4 g5 14. e5 Qc8 15. e6
fxe6 16. Bd2 Nf6 17. Bg6+ Kf8 18. fxg5 hxg5 19. Bxg5 Kg7 20. Bc2 Qe8 21. Bxf6+
Bxf6 22. Qg4+ Kf8 23. Rxf6+ Ke7 24. Qg5 Qh5 25. Rxe6+ Kf8 26. Qf6+ Kg8 27. Qg6+
Qxg6 28. Rxg6+ Kf7 29. Nc3 Ke7 30. Re1+ Kd8 31. Rxd6 Kc7 32. Rf6 Rhf8 33. Ref1
b4 34. Rxf8 Rxf8 35. Rxf8 bxc3 36. bxc3 c4 37. Rf7 Kd6 38. Be4 Be8 39. Ra7 Ke5
40. Re7+ Kd6 41. Rxe8 a5 42. Re6+ Kd7 43. Ra6 Kd8 44. Rxa5 Kd7 45. Ra6 Kd8 46.
h4 Kd7 47. h5 Kd8 48. h6 Kc7 49. Rc6+ Kd7 50. h7 Kd8 51. h8=Q+ Kd7 52. a4 Ke7
53. a5 Kd7 54. a6 Ke7 55. a7 Kd7 56. a8=Q Ke7 57. g4 Kd7 58. g5 Ke7 59. g6 Kd7
60. g7 Ke7 61. g8=Q Kd7 62. Qhg7# 1-0

[Event "Excelsior April FIDE Rating Ladder"]
[Site "Toronto CAN"]
[Date "2023.04.29"]
[Round "1.1"]
[White "Martinez, Ludwin"]
[Black "Thomas, Terry"]
[Result "1-0"]
[WhiteElo "1822"]
[BlackElo "1106"]
[PlyCount "51"]
[EventDate "2023.04.29"]
[EventType "swiss"]
[EventRounds "5"]
[EventCountry "CAN"]

1. d4 d5 2. c4 e6 3. Nc3 Nf6 4. Bg5 h6 5. Bxf6 Qxf6 6. cxd5 Bb4 7. Qa4+ Nd7 8.
Qxb4 a6 9. Nf3 Nb6 10. d6 Nd5 11. Nxd5 exd5 12. e3 cxd6 13. Be2 O-O 14. O-O b5
15. a4 bxa4 16. Rxa4 Bg4 17. h3 Bxf3 18. Bxf3 Rfb8 19. Qd2 Re8 20. Bxd5 Ra7 21.
Rfa1 Qe7 22. Rxa6 Rxa6 23. Rxa6 Rb8 24. b4 Kh7 25. b5 Rxb5 26. Qd3+ 1-0

[Event "Excelsior April FIDE Rating Ladder"]
[Site "Toronto CAN"]
[Date "2023.04.29"]
[Round "2.1"]
[White "Dunikov, Glib"]
[Black "Martinez, Ludwin"]
[Result "1/2-1/2"]
[WhiteElo "1281"]
[BlackElo "1822"]
[PlyCount "55"]
[EventDate "2023.04.29"]
[EventType "swiss"]
[EventRounds "5"]
[EventCountry "CAN"]

1. e4 c5 2. c3 d5 3. exd5 Qxd5 4. Nf3 Nf6 5. Be2 Bf5 6. d4 Nc6 7. c4 Qd6 8. d5
Ne5 9. Nc3 Nxf3+ 10. Bxf3 a6 11. Be3 Rc8 12. O-O g6 13. Qd2 Bg7 14. Bf4 Qd7 15.
d6 e6 16. Be5 O-O 17. Rad1 Ne4 18. Nxe4 Bxe5 19. Qe3 Bxe4 20. Qxe4 Bd4 21. b4
b6 22. bxc5 bxc5 23. Rd3 Rfd8 24. Rfd1 Qa4 25. a3 Qc2 26. R1d2 Qb1+ 27. Rd1 Qc2
28. R1d2 1/2-1/2

[Event "Excelsior April FIDE Rating Ladder"]
[Site "Toronto CAN"]
[Date "2023.04.29"]
[Round "2.2"]
[White "Nazareno, Merlin"]
[Black "Bakradze, Joshua"]
[Result "1-0"]
[WhiteElo "1766"]
[BlackElo "1367"]
[PlyCount "72"]
[EventDate "2023.04.29"]
[EventType "swiss"]
[EventRounds "5"]
[EventCountry "CAN"]

1. d4 Nf6 2. Nc3 d5 3. e4 Nxe4 4. Nxe4 dxe4 5. Be3 e6 6. Bc4 Nd7 7. Qe2 Nf6 8.
O-O-O c6 9. Bg5 a5 10. Bxf6 Qxf6 11. Qxe4 Bd6 12. Nh3 O-O 13. f4 Bd7 14. g4 Qh6
15. Ng5 b5 16. Bd3 f5 17. gxf5 exf5 18. Qf3 Qh4 19. Rhf1 h6 20. Nh3 Rac8 21. c4
c5 22. Qd5+ Rf7 23. Qxd6 Qxh3 24. Rfe1 Rc6 25. Qd5 Qh4 26. cxb5 Qxf4+ 27. Kb1
Rd6 28. Qa8+ Kh7 29. dxc5 Rxd3 30. Rxd3 Bxb5 31. Rde3 Qxh2 32. c6 Rc7 33. Qe8
Qd6 34. Qe6 Rxc6 35. Qxf5+ Qg6 36. Qxg6+ Kxg6 1-0

[Event "Excelsior April FIDE Rating Ladder"]
[Site "Toronto CAN"]
[Date "2023.04.29"]
[Round "2.4"]
[White "Cottrell, Deparse"]
[Black "Hambardzumyan, Narek"]
[Result "1-0"]
[WhiteElo "1516"]
[BlackElo "1270"]
[PlyCount "59"]
[EventDate "2023.04.29"]
[EventType "swiss"]
[EventRounds "5"]
[EventCountry "CAN"]

1. d4 Nf6 2. c4 g6 3. Nc3 d5 4. cxd5 Nxd5 5. e4 Nxc3 6. bxc3 Bg7 7. Nf3 O-O 8.
Ba3 b6 9. Bc4 Bb7 10. Qe2 c5 11. O-O cxd4 12. cxd4 Nc6 13. Rad1 Rc8 14. Qd3 Na5
15. Ba6 Bxa6 16. Qxa6 Rc2 17. Qxa7 Rxa2 18. Bxe7 Qb8 19. Qxb8 Rxb8 20. d5 Rb7
21. d6 Rd7 22. Rc1 h6 23. Rc8+ Kh7 24. e5 b5 25. Rc7 Rxc7 26. dxc7 Rc2 27. Bd6
Nb7 28. Nd4 Rc4 29. Nxb5 Kg8 30. Na7 1-0

[Event "Excelsior April FIDE Rating Ladder"]
[Site "Toronto CAN"]
[Date "2023.04.29"]
[Round "2.5"]
[White "Murali, Dhruv"]
[Black "Patil, Tanishq"]
[Result "1-0"]
[WhiteElo "1255"]
[BlackElo "1175"]
[PlyCount "95"]
[EventDate "2023.04.29"]
[EventType "swiss"]
[EventRounds "5"]
[EventCountry "CAN"]

1. b3 d5 2. Bb2 e6 3. e3 Nf6 4. Nf3 Be7 5. d4 O-O 6. Nbd2 b6 7. c4 Bb7 8. Qc2
Nbd7 9. Bd3 c5 10. O-O h6 11. Rac1 Rc8 12. Qb1 Rc7 13. Rc2 Qa8 14. dxc5 Rxc5
15. Ba3 dxc4 16. bxc4 Rxc4 17. Bxe7 Rxc2 18. Qxc2 Rc8 19. Qb2 Nc5 20. Bxc5 Rxc5
21. Rc1 Rd5 22. Be4 Nxe4 23. Nxe4 Qd8 24. Ned2 g5 25. e4 Rd3 26. h3 h5 27. Rc2
f5 28. Qe5 g4 29. Qxe6+ Kh8 30. Qh6+ Kg8 31. Qg6+ Kf8 32. Qxf5+ Ke7 33. Qg5+
Kd7 34. Ne5+ Ke8 35. Qg8+ Ke7 36. Qf7+ Kd6 37. Ndc4+ Kc5 38. Nxd3+ Qxd3 39.
Ne3+ Kb4 40. Qxb7 gxh3 41. Rb2+ Ka3 42. Rb3+ Qxb3 43. axb3 Kxb3 44. Qd5+ Kb2
45. Qd3 a5 46. Nc4+ Kc1 47. Qd2+ Kb1 48. Qb2# 1-0

[Event "Excelsior April FIDE Rating Ladder"]
[Site "Toronto CAN"]
[Date "2023.04.29"]
[Round "3.2"]
[White "Martinez, Ludwin"]
[Black "Cottrell, Deparse"]
[Result "0-1"]
[WhiteElo "1822"]
[BlackElo "1516"]
[PlyCount "60"]
[EventDate "2023.04.29"]
[EventType "swiss"]
[EventRounds "5"]
[EventCountry "CAN"]

1. d4 Nf6 2. c4 e6 3. Nf3 d5 4. Nc3 Bb4 5. e3 O-O 6. cxd5 exd5 7. Be2 Bf5 8.
Qb3 Bxc3+ 9. bxc3 Qc8 10. Ba3 Re8 11. O-O Nbd7 12. c4 c6 13. Rac1 Nb6 14. cxd5
Nfxd5 15. Ne5 Qe6 16. Bf3 f6 17. Nd3 Nxe3 18. d5 Nexd5 19. Nc5 Qf7 20. Bb2 Rab8
21. Bd4 Nf4 22. Qa3 Nc4 23. Qb4 Ne5 24. Bd1 Qg6 25. Qb3+ Kh8 26. Qg3 Qxg3 27.
fxg3 Nfd3 28. Nxd3 Bxd3 29. Rf4 Bb5 30. Bb3 Nd3 0-1

[Event "Excelsior April FIDE Rating Ladder"]
[Site "Toronto CAN"]
[Date "2023.04.29"]
[Round "3.4"]
[White "Bakradze, Joshua"]
[Black "Murali, Dhruv"]
[Result "0-1"]
[WhiteElo "1367"]
[BlackElo "1255"]
[PlyCount "64"]
[EventDate "2023.04.29"]
[EventType "swiss"]
[EventRounds "5"]
[EventCountry "CAN"]

1. e4 g6 2. d4 Bg7 3. Nf3 d6 4. Nc3 Nc6 5. Bb5 a6 6. Ba4 b5 7. d5 Ne5 8. Nxe5
Bxe5 9. Bb3 Bg7 10. a4 b4 11. Ne2 Nf6 12. Qd4 a5 13. Qd3 O-O 14. c3 Ba6 15. Bc4
Bxc4 16. Qxc4 bxc3 17. Nxc3 Qd7 18. O-O Rfc8 19. Qe2 c6 20. Rd1 cxd5 21. Nxd5
Nxd5 22. Rxd5 Rc5 23. Qd3 Qc6 24. Rxc5 Qxc5 25. Be3 Qb4 26. Qd5 Rc8 27. Qb5 Rb8
28. Qxb4 Rxb4 29. Bd2 Rxb2 30. Bxa5 Bd4 31. Be1 Re2 32. a5 Bxa1 0-1

[Event "Excelsior April FIDE Rating Ladder"]
[Site "Toronto CAN"]
[Date "2023.04.30"]
[Round "4.1"]
[White "Cottrell, Deparse"]
[Black "Oancea, Nicolae"]
[Result "0-1"]
[WhiteElo "1516"]
[BlackElo "1722"]
[PlyCount "96"]
[EventDate "2023.04.29"]
[EventType "swiss"]
[EventRounds "5"]
[EventCountry "CAN"]

1. d4 e6 2. e4 d5 3. Nc3 Nf6 4. Bg5 Be7 5. Bxf6 Bxf6 6. e5 Be7 7. Qg4 O-O 8. h4
f5 9. Qg3 c5 10. O-O-O cxd4 11. Rxd4 Nc6 12. Rd1 f4 13. Qh3 Nxe5 14. Nf3 Nxf3
15. Qxf3 Bd7 16. Nxd5 Bc6 17. Nxe7+ Qxe7 18. Qg4 Bd5 19. Kb1 Qc5 20. f3 Rac8
21. Bd3 b5 22. h5 Rf6 23. h6 g6 24. Rh5 Bxa2+ 25. Kxa2 Qxh5 26. Qxh5 gxh5 27.
Kb3 a6 28. Be4 a5 29. Rd7 Rf7 30. Rxf7 Kxf7 31. Bxh7 Rh8 32. Bd3 Rxh6 33. Bxb5
Rg6 34. Bf1 Rg5 35. Kc3 Ke7 36. Kd4 Kd6 37. c4 h4 38. b3 Re5 39. Bd3 Re3 40.
c5+ Kc6 41. Be4+ Kb5 42. c6 Kb6 43. Ke5 Kc7 44. Kxe6 Rxe4+ 45. fxe4 h3 46. gxh3
f3 47. h4 f2 48. h5 f1=Q 0-1

[Event "Excelsior April FIDE Rating Ladder"]
[Site "Toronto CAN"]
[Date "2023.04.30"]
[Round "4.2"]
[White "Murali, Dhruv"]
[Black "Nazareno, Merlin"]
[Result "0-1"]
[WhiteElo "1255"]
[BlackElo "1766"]
[PlyCount "50"]
[EventDate "2023.04.29"]
[EventType "swiss"]
[EventRounds "5"]
[EventCountry "CAN"]

1. b3 d5 2. Bb2 Nc6 3. e3 e5 4. Bb5 Bd6 5. f4 f6 6. fxe5 fxe5 7. Nf3 Bg4 8. h3
Bxf3 9. Qxf3 Nf6 10. Nc3 e4 11. Qf2 O-O 12. O-O Ne5 13. Qe1 c6 14. Be2 Qc7 15.
Nd1 Rf7 16. Nf2 Raf8 17. Qd1 Qe7 18. Bh5 g6 19. Be2 Bb8 20. Ng4 Nfxg4 21. Rxf7
Qxf7 22. hxg4 Qf2+ 23. Kh1 Qh4+ 24. Kg1 Nxg4 25. Bf3 exf3 0-1

[Event "Excelsior April FIDE Rating Ladder"]
[Site "Toronto CAN"]
[Date "2023.04.30"]
[Round "5.1"]
[White "Oancea, Nicolae"]
[Black "Dunikov, Glib"]
[Result "1-0"]
[WhiteElo "1722"]
[BlackElo "1281"]
[PlyCount "49"]
[EventDate "2023.04.29"]
[EventType "swiss"]
[EventRounds "5"]
[EventCountry "CAN"]

1. e4 e6 2. d4 d5 3. Nd2 c5 4. exd5 exd5 5. Ngf3 Nf6 6. Bb5+ Bd7 7. Bxd7+ Nbxd7
8. O-O Be7 9. Re1 O-O 10. Nf1 Nb6 11. Ng3 Re8 12. Bg5 h6 13. Bf4 Qd7 14. Ne5
Qb5 15. Nf5 Kh7 16. Qf3 Bf8 17. Nxf7 Qd7 18. N5d6 Bxd6 19. Nxd6 Re7 20. dxc5
Nc8 21. Qd3+ g6 22. Qd4 Nh5 23. Be5 Qe6 24. g4 Ng7 25. Bxg7 1-0

[Event "Excelsior April FIDE Rating Ladder"]
[Site "Toronto CAN"]
[Date "2023.04.30"]
[Round "5.2"]
[White "Nazareno, Merlin"]
[Black "Cottrell, Deparse"]
[Result "1-0"]
[WhiteElo "1766"]
[BlackElo "1516"]
[PlyCount "105"]
[EventDate "2023.04.29"]
[EventType "swiss"]
[EventRounds "5"]
[EventCountry "CAN"]

1. d4 Nf6 2. Nc3 d5 3. e4 Nxe4 4. Nxe4 dxe4 5. Be3 Nd7 6. Bc4 e6 7. Qe2 h6 8.
O-O-O c6 9. f3 exf3 10. Nxf3 Be7 11. h4 b5 12. Bb3 a5 13. a3 a4 14. Ba2 b4 15.
axb4 Bxb4 16. d5 Ba6 17. Qf2 cxd5 18. Bd4 Nf6 19. Ne5 Qc7 20. Nd3 Bxd3 21. Rxd3
Ne4 22. Qe2 Ng3 23. Rxg3 Qxg3 24. Qb5+ Kf8 25. Qxb4+ Kg8 26. h5 Kh7 27. Rf1
Qg5+ 28. Qd2 Qxh5 29. g4 Qg6 30. c3 Kg8 31. Bb1 Qg5 32. Be3 Qe7 33. Qf2 a3 34.
b4 Qf6 35. Qe1 Qe5 36. Ba2 Rc8 37. Bd2 Qd6 38. Kb1 f6 39. Ka1 Kf7 40. Qh4 Qa6
41. Rf2 Rhe8 42. Qh5+ Ke7 43. Qg6 Rg8 44. Qh7 Qa4 45. Rf1 Kd6 46. Qd3 Ke7 47.
Re1 Kf7 48. Bf4 Qa7 49. Be3 Qc7 50. Bc5 Qh2 51. Re2 Qh1+ 52. Bb1 a2 53. Rxa2
1-0

[Event "Excelsior April op"]
[Site "Toronto CAN"]
[Date "2023.04.21"]
[Round "1.2"]
[White "Sambuev, Bator"]
[Black "Huh, Isaak"]
[Result "1-0"]
[WhiteElo "2510"]
[BlackElo "2092"]
[PlyCount "69"]
[EventDate "2023.04.21"]
[EventType "swiss"]
[EventRounds "5"]
[EventCountry "CAN"]

1. d4 d5 2. c4 e6 3. Nc3 Bb4 4. a3 Bxc3+ 5. bxc3 Nf6 6. e3 O-O 7. cxd5 exd5 8.
Bd3 c6 9. Ne2 Nbd7 10. O-O Re8 11. f3 Nf8 12. Ng3 c5 13. Ra2 b6 14. Re2 cxd4
15. cxd4 Bb7 16. Bb2 Ne6 17. Bb5 Re7 18. e4 Nf4 19. Ref2 a6 20. Ba4 b5 21. Bc2
Bc8 22. e5 N6h5 23. Nxh5 Nxh5 24. f4 g6 25. f5 Rc7 26. e6 Raa7 27. Bc1 fxe6 28.
fxg6 hxg6 29. Bxg6 Ng7 30. Bg5 Qd6 31. Bf4 Qe7 32. Bxc7 Rxc7 33. Bf7+ Kf8 34.
Bxe6+ Ke8 35. Bxc8 1-0

[Event "Excelsior April op"]
[Site "Toronto CAN"]
[Date "2023.04.21"]
[Round "1.3"]
[White "Laughlin, Braden"]
[Black "Reprintsev, Alexander"]
[Result "0-1"]
[WhiteElo "2061"]
[BlackElo "2361"]
[PlyCount "107"]
[EventDate "2023.04.21"]
[EventType "swiss"]
[EventRounds "5"]
[EventCountry "CAN"]

1. e4 c5 2. Nf3 Nc6 3. Bb5 Qb6 4. Nc3 e6 5. O-O Nd4 6. Bc4 Qc7 7. Re1 a6 8. a4
b6 9. d3 Ne7 10. Nxd4 cxd4 11. Ne2 Nc6 12. Bf4 Bd6 13. Bxd6 Qxd6 14. f4 Bb7 15.
Rf1 h5 16. Ng3 Na5 17. Bb3 h4 18. e5 Qc5 19. Ne4 Bxe4 20. dxe4 h3 21. Qd3 hxg2
22. Rf2 g5 23. Rd1 gxf4 24. Qxd4 Qxd4 25. Rxd4 Nc6 26. Rdd2 Rh4 27. Rxg2 Ke7
28. Rg5 Rah8 29. Bc4 Nxe5 30. Rxe5 Rg4+ 31. Kf1 d6 32. Rf5 exf5 33. exf5 f3 34.
b3 Rg2 35. Rxg2 fxg2+ 36. Kxg2 Kf6 37. Bd3 Ke5 38. Kg3 a5 39. h4 f6 40. Kg4 Kd4
41. h5 d5 42. Bb5 Ke3 43. Bc6 Ke4 44. Bd7 Rh7 45. Be8 d4 46. Bg6 Rc7 47. h6
Rxc2 48. h7 Rc8 49. Kh5 d3 50. Kh6 d2 51. Bh5 Kxf5 52. Kg7 Ke4 53. Kxf6 Kd3 54.
Ke5 0-1

[Event "Excelsior April op"]
[Site "Toronto CAN"]
[Date "2023.04.21"]
[Round "1.4"]
[White "Mao, Fengxi"]
[Black "Kim, Noah"]
[Result "1/2-1/2"]
[WhiteElo "2289"]
[BlackElo "1983"]
[PlyCount "107"]
[EventDate "2023.04.21"]
[EventType "swiss"]
[EventRounds "5"]
[EventCountry "CAN"]

1. b3 d5 2. Bb2 Bg4 3. h3 Bh5 4. g3 e6 5. Bg2 Nf6 6. Nf3 Be7 7. O-O c5 8. Ne5
O-O 9. d3 Nbd7 10. Nd2 Rc8 11. f4 Nxe5 12. Bxe5 Nd7 13. Bb2 f6 14. Qe1 Nb8 15.
e4 Bf7 16. f5 Nc6 17. fxe6 Bxe6 18. exd5 Bxd5 19. Bxd5+ Qxd5 20. Qe4 Qd7 21.
Qg2 Rce8 22. Rae1 Bd8 23. Ne4 b6 24. g4 Nd4 25. Kh1 Bc7 26. Rf2 Be5 27. Ref1
Nc6 28. Bxe5 Nxe5 29. Rf5 Ng6 30. Qg3 Re5 31. R5f2 f5 32. gxf5 Rexf5 33. Rxf5
Rxf5 34. Rg1 Rf8 35. Kh2 Qf5 36. a4 Qf4 37. a5 Qxg3+ 38. Kxg3 Nf4 39. Re1 Nd5
40. Re2 Nb4 41. Nd6 Rf6 42. Re8+ Rf8 43. Re7 bxa5 44. Rxa7 Nxc2 45. Rxa5 Rd8
46. Rxc5 Rxd6 47. Rxc2 Rxd3+ 48. Kg2 Rxb3 49. Rc7 h6 50. Ra7 Kh7 51. Ra6 h5 52.
h4 g6 53. Rc6 Rb4 54. Kg3 1/2-1/2

[Event "Excelsior April op"]
[Site "Toronto CAN"]
[Date "2023.04.21"]
[Round "1.5"]
[White "Dhaliwal, Jaipreet Singh"]
[Black "Gao, Raymond"]
[Result "0-1"]
[WhiteElo "1979"]
[BlackElo "2250"]
[PlyCount "136"]
[EventDate "2023.04.21"]
[EventType "swiss"]
[EventRounds "5"]
[EventCountry "CAN"]

1. e4 c5 2. Nf3 d6 3. d4 cxd4 4. Nxd4 Nf6 5. Nc3 a6 6. Be3 e5 7. Nb3 Be6 8. f3
Be7 9. Qd2 Nbd7 10. O-O-O b5 11. Nd5 Bxd5 12. exd5 Rc8 13. Kb1 Nb6 14. Bxb6
Qxb6 15. Rc1 O-O 16. Bd3 Nd7 17. Bf5 Rc7 18. Bxd7 Rxd7 19. Qa5 Qb7 20. c4 Ra8
21. Qb4 a5 22. Qxb5 Qxb5 23. cxb5 a4 24. Nd2 Rb7 25. Ne4 Rxb5 26. Rc7 Kf8 27.
Rhc1 Ke8 28. Nc3 Rba5 29. Rb7 Rc5 30. Nb5 Rxc1+ 31. Kxc1 Kd8 32. Na7 Ke8 33.
Kc2 f5 34. Kd3 Bf6 35. Nb5 Kf8 36. Rd7 Rb8 37. Kc4 Rc8+ 38. Kd3 Rc5 39. Nc3 a3
40. Rb7 axb2 41. Rb8+ Kf7 42. Na4 Rxd5+ 43. Ke2 Ra5 44. Nxb2 Rxa2 45. Kf1 d5
46. Nd3 Ra1+ 47. Ke2 Ra2+ 48. Kf1 Rd2 49. Rb7+ Kg6 50. Nf2 e4 51. fxe4 dxe4 52.
Nh3 Be5 53. Rb6+ Rd6 54. Rxd6+ Bxd6 55. g3 Kh5 56. Kg2 g5 57. Nf2 Bc5 58. g4+
Kg6 59. gxf5+ Kxf5 60. Nh1 Bd6 61. h3 h5 62. Nf2 Be5 63. h4 g4 64. Nd1 Bd4 65.
Kf1 Kf4 66. Kg2 g3 67. Kh3 e3 68. Kg2 e2 0-1

[Event "Excelsior April op"]
[Site "Toronto CAN"]
[Date "2023.04.21"]
[Round "1.7"]
[White "Wang, Andy"]
[Black "Yang, Lefan"]
[Result "1-0"]
[WhiteElo "1956"]
[BlackElo "2180"]
[PlyCount "93"]
[EventDate "2023.04.21"]
[EventType "swiss"]
[EventRounds "5"]
[EventCountry "CAN"]

1. e4 c5 2. Nf3 Nc6 3. d4 cxd4 4. Nxd4 Nf6 5. Nc3 e5 6. Ndb5 d6 7. Bg5 a6 8.
Na3 b5 9. Bxf6 gxf6 10. Nd5 f5 11. exf5 Bxf5 12. c3 Bg7 13. Nc2 O-O 14. Nce3
Be6 15. a4 b4 16. cxb4 Nd4 17. Bc4 Qb8 18. Rc1 Qb7 19. O-O Rac8 20. b3 Kh8 21.
Qd3 Rc6 22. f4 f5 23. Kh1 e4 24. Qd2 Rcc8 25. Rfd1 h6 26. Qf2 Kh7 27. Qf1 Qa7
28. Nc2 Bxd5 29. Nxd4 Bxc4 30. Rxc4 Rxc4 31. Qxc4 Bxd4 32. Qxd4 Qf7 33. Qd5
Qxd5 34. Rxd5 Rb8 35. Rd4 Rb6 36. Kg1 Kg6 37. Kf2 Kf6 38. h3 h5 39. a5 Rb5 40.
Rxd6+ Ke7 41. Rxa6 Rxb4 42. Rb6 Rd4 43. Ke2 Rd5 44. b4 Kd7 45. a6 Rd3 46. b5
Rb3 47. a7 1-0

[Event "Excelsior April op"]
[Site "Toronto CAN"]
[Date "2023.04.21"]
[Round "1.8"]
[White "Habeb, Adnan"]
[Black "Joseph, Jonath"]
[Result "1/2-1/2"]
[WhiteElo "2135"]
[BlackElo "1936"]
[PlyCount "118"]
[EventDate "2023.04.21"]
[EventType "swiss"]
[EventRounds "5"]
[EventCountry "CAN"]

1. d4 d5 2. c4 e6 3. g3 Nf6 4. Bg2 c6 5. Nf3 Bd6 6. O-O O-O 7. Qc2 Nbd7 8. Rd1
b6 9. Nc3 Bb7 10. e4 dxe4 11. Ng5 Be7 12. Ngxe4 Nxe4 13. Nxe4 Nf6 14. Bf4 Nxe4
15. Bxe4 h6 16. Qe2 Bg5 17. Bxg5 Qxg5 18. f4 Qe7 19. Rd2 Rad8 20. Rad1 Rd7 21.
Qf3 Qd6 22. Qc3 Rfd8 23. b4 Qe7 24. a3 c5 25. Bxb7 cxd4 26. Rxd4 Rxd4 27. Rxd4
Rxd4 28. Qxd4 Qxb7 29. c5 Qc7 30. Kf2 Kf8 31. Ke3 Ke7 32. Qxg7 bxc5 33. Qc3 c4
34. Qd4 c3 35. Qc5+ Qxc5+ 36. bxc5 Kd7 37. g4 c2 38. Kd2 Kc6 39. h4 Kxc5 40.
Kxc2 Kd6 41. h5 Ke7 42. g5 Kf8 43. Kc3 Kg7 44. Kd4 hxg5 45. fxg5 f6 46. gxf6+
Kxf6 47. a4 Kg5 48. a5 a6 49. Ke5 Kxh5 50. Kxe6 Kg6 51. Kd6 Kf6 52. Kc6 Ke6 53.
Kb6 Kd6 54. Kxa6 Kc6 55. Ka7 Kc7 56. a6 Kc8 57. Kb6 Kb8 58. a7+ Ka8 59. Kc5
Kxa7 1/2-1/2

[Event "Excelsior April op"]
[Site "Toronto CAN"]
[Date "2023.04.22"]
[Round "2.2"]
[White "Lu, Tony"]
[Black "Sambuev, Bator"]
[Result "0-1"]
[WhiteElo "1959"]
[BlackElo "2510"]
[PlyCount "56"]
[EventDate "2023.04.21"]
[EventType "swiss"]
[EventRounds "5"]
[EventCountry "CAN"]

1. e4 d5 2. exd5 Qxd5 3. Nf3 Bg4 4. Be2 Nc6 5. d4 O-O-O 6. Be3 Nf6 7. O-O Qf5
8. c4 e5 9. d5 e4 10. Nd4 Nxd4 11. Bxd4 Bd6 12. Bxf6 Bxe2 13. Qxe2 gxf6 14. Nd2
Rde8 15. Rfc1 Bf4 16. Rc3 Rhg8 17. Nf1 Qg5 18. g3 h5 19. Rd1 h4 20. c5 e3 21.
d6 Re6 22. d7+ Kd8 23. Rb3 b6 24. cxb6 axb6 25. Qf3 exf2+ 26. Qxf2 hxg3 27.
hxg3 Bd6 28. Rf3 Bc5 0-1

[Event "Excelsior April op"]
[Site "Toronto CAN"]
[Date "2023.04.22"]
[Round "2.3"]
[White "Reprintsev, Alexander"]
[Black "Wang, Andy"]
[Result "1-0"]
[WhiteElo "2361"]
[BlackElo "1956"]
[PlyCount "137"]
[EventDate "2023.04.21"]
[EventType "swiss"]
[EventRounds "5"]
[EventCountry "CAN"]

1. e4 e5 2. Nf3 Nc6 3. Bc4 Bc5 4. b4 Bxb4 5. c3 Ba5 6. d4 exd4 7. Qb3 Qe7 8.
O-O d6 9. cxd4 Nf6 10. e5 dxe5 11. d5 Nb4 12. a3 O-O 13. axb4 Bxb4 14. Bb2 e4
15. Nfd2 a5 16. Ba3 Bd7 17. Re1 b5 18. Bxb4 Qxb4 19. Qxb4 axb4 20. Rxa8 Rxa8
21. Bb3 Bf5 22. h3 Rd8 23. g4 Bg6 24. Rc1 Nxd5 25. Bxd5 Rxd5 26. Rxc7 h6 27.
Rc1 f5 28. gxf5 Bxf5 29. Re1 Kf7 30. Kg2 Rd3 31. h4 b3 32. Re3 b2 33. Rxd3 exd3
34. Kf3 Kf6 35. Nc3 g5 36. hxg5+ hxg5 37. Nxb5 Ke5 38. Ke3 g4 39. Nc3 Bd7 40.
Nc4+ Kf5 41. Nxb2 d2 42. Ne2 Ba4 43. Ng3+ Kg5 44. Kxd2 Bc6 45. Ke3 Bd5 46. Nd3
Bc6 47. Nc5 Bd5 48. Nce4+ Kh4 49. Kf4 Be6 50. Ng5 Bd7 51. Nf5+ Bxf5 52. Kxf5 g3
53. f4 g2 54. Nf3+ Kg3 55. Ke4 Kg4 56. f5 Kh5 57. f6 Kg6 58. Ke5 Kf7 59. Kf5
Kf8 60. Kg6 Kg8 61. Ng1 Kh8 62. Kf7 Kh7 63. Ke7 Kh6 64. f7 Kh5 65. f8=Q Kg4 66.
Qf3+ Kh4 67. Qxg2 Kh5 68. Kf6 Kh4 69. Qg5# 1-0

[Event "Excelsior April op"]
[Site "Toronto CAN"]
[Date "2023.04.22"]
[Round "2.4"]
[White "Moses, Neil"]
[Black "Mao, Fengxi"]
[Result "0-1"]
[WhiteElo "1950"]
[BlackElo "2289"]
[PlyCount "76"]
[EventDate "2023.04.21"]
[EventType "swiss"]
[EventRounds "5"]
[EventCountry "CAN"]

1. Nf3 Na6 2. d4 c6 3. e4 d5 4. exd5 Qxd5 5. Nc3 Qa5 6. Bf4 Nf6 7. Qd2 Bf5 8.
Ne5 e6 9. Nc4 Qd8 10. Ne3 Bg6 11. Bxa6 bxa6 12. Nc4 c5 13. dxc5 Qxd2+ 14. Nxd2
Bxc5 15. Na4 Be7 16. c4 Bd3 17. a3 O-O 18. b4 a5 19. Nb2 Bg6 20. b5 Nd7 21. Rc1
Bxa3 22. Nd3 Bxd3 23. Rc3 Bxc4 24. Rxa3 Bxb5 25. Rxa5 Rfc8 26. Ne4 Bd3 27. Nd6
Rc2 28. Be3 Rb8 29. Ra1 Rbb2 30. Bxa7 Ra2 31. Rxa2 Rxa2 32. Bd4 e5 33. Bc3 Rc2
34. Bd2 Rc6 35. Bb4 Rc1+ 36. Kd2 Rxh1 37. Kxd3 Rxh2 38. Ke3 Rxg2 0-1

[Event "Excelsior April op"]
[Site "Toronto CAN"]
[Date "2023.04.22"]
[Round "2.5"]
[White "Kim, Noah"]
[Black "Habeb, Adnan"]
[Result "1/2-1/2"]
[WhiteElo "1983"]
[BlackElo "2135"]
[PlyCount "91"]
[EventDate "2023.04.21"]
[EventType "swiss"]
[EventRounds "5"]
[EventCountry "CAN"]

1. d4 Nf6 2. c4 g6 3. Nc3 Bg7 4. e4 d6 5. Nf3 O-O 6. Be2 e5 7. Be3 exd4 8. Nxd4
Re8 9. f3 c6 10. Bf2 Nh5 11. Qd2 Nd7 12. O-O a5 13. Rad1 Ne5 14. g4 Nf6 15. h3
h5 16. Nc2 hxg4 17. hxg4 Nexg4 18. fxg4 Nxg4 19. Bg3 Be5 20. Bxe5 Rxe5 21. Qxd6
Qg5 22. Qd8+ Kg7 23. Qxg5 Rxg5 24. Rd8 Ne3+ 25. Kf2 Nxc2 26. Rh1 Rg2+ 27. Kxg2
Bh3+ 28. Rxh3 Rxd8 29. Kf2 Kf6 30. Rd3 Nd4 31. c5 Ke5 32. Ke3 Nc2+ 33. Kd2 Nd4
34. Bg4 Rh8 35. Ne2 Nxe2 36. Bxe2 Kxe4 37. Rd7 f5 38. Rxb7 Rd8+ 39. Ke1 g5 40.
b4 axb4 41. Rxb4+ Kd5 42. Ra4 Rb8 43. Bd3 f4 44. Be4+ Kxc5 45. Ra5+ Kd6 46.
Bxc6 1/2-1/2

[Event "Excelsior April op"]
[Site "Toronto CAN"]
[Date "2023.04.22"]
[Round "2.6"]
[White "Joseph, Jonath"]
[Black "Oancea, Nicolae"]
[Result "1-0"]
[WhiteElo "1936"]
[BlackElo "2094"]
[PlyCount "73"]
[EventDate "2023.04.21"]
[EventType "swiss"]
[EventRounds "5"]
[EventCountry "CAN"]

1. Nf3 Nf6 2. Ng1 Ng8 3. Nf3 Nf6 4. b3 d6 5. d4 Bg4 6. Bb2 Nbd7 7. e3 e5 8.
dxe5 dxe5 9. Be2 Bd6 10. O-O O-O 11. c4 Qe7 12. h3 Bf5 13. Nh4 Be6 14. Nc3 c6
15. Qc2 Ba3 16. Bxa3 Qxa3 17. Nf3 h6 18. Rfd1 Qa5 19. Rd2 Bf5 20. Qxf5 Qxc3 21.
Rad1 e4 22. Nh2 Ne5 23. Ng4 Nexg4 24. Bxg4 Rae8 25. Qc5 a5 26. Rd4 Nd5 27. Qd6
Nb4 28. Bd7 Rd8 29. Rxe4 Nxa2 30. Rg4 Kh8 31. Rdd4 Qxb3 32. Rxg7 f6 33. Qe7
Qb1+ 34. Kh2 Rg8 35. Rxg8+ Rxg8 36. Qxf6+ Rg7 37. Bf5 1-0